| 000 | 00713cam a22002651 4500 | ||
|---|---|---|---|
| 001 | sa 65004687 | ||
| 003 | DLC | ||
| 005 | 20260227112132.0 | ||
| 008 | 840614s1964 ii c 000 0 hino | ||
| 010 | _asa 65004687 | ||
| 025 | _aPL480:I-H-2127 | ||
| 035 | _a(OCoLC)21661955 | ||
| 040 |
_aDLC _cCU _dDLC |
||
| 042 | _apremarc | ||
| 043 | _aa-ii--- | ||
| 050 | 0 | 0 |
_aPK1991 _b.V3 |
| 100 | 1 | _aVarmā, Lakshmīkānta. | |
| 245 | 1 | 0 |
_aHindī-āndolana. _cSaṃpādaka Lakshmīkānta Varmā. |
| 250 | _a[1. saṃskaraṇa] | ||
| 260 |
_aPrayāga, _bHindī Sāhitya Sammelana _c[1964] |
||
| 300 |
_a205 p. _bports. _c25 cm. |
||
| 500 | _aIn Hindi. | ||
| 650 | 0 | _aHindi language. | |
| 651 | 0 |
_aIndia _xLanguages |
|
| 999 |
_c63893 _d63893 |
||